[Event "BEL-ch U16"]
[Site "Blankenberge"]
[Date "2015.04.15"]
[Round "5"]
[White "Paquay, Noah"]
[Black "Ta Long, Vu"]
[Result "1/2-1/2"]
[WhiteElo "1578"]
[BlackElo "1661"]
[PlyCount "88"]
[EventDate "2015.04.12"]
[EventType "swiss"]
[EventRounds "9"]
[EventCountry "BEL"]
[SourceTitle "CBM 166 Extra"]
[Source "ChessBase"]
[SourceDate "2015.06.18"]
[SourceVersion "1"]
[SourceVersionDate "2015.06.18"]
[SourceQuality "1"]

1. e4 c5 2. Nf3 d6 3. d4 cxd4 4. Nxd4 Nf6 5. Nc3 g6 6. Be2 Bg7 7. Be3 0-0 8. 0-0 Nc6 9. Qd2 Bd7 10. f3 Rc8 11. Rfd1 Ne5 12. a4 a6 13. a5 Nc4 14. Bxc4 Rxc4 15. Nde2 Be6 16. Bb6 Qc8 17. Nd4 Nd7 18. Nxe6 fxe6 19. Be3 Bxc3 20. bxc3 Rxc3 21. Ra2 Qc6 22. Rb1 Rc8 23. g3 Ne5 24. Qf2 Rxc2 25. Rxc2 Qxc2 26. Qxc2 Rxc2 27. Rxb7 Nxf3+ 28. Kf1 Kf7 29. Rb6 Nxh2+ 30. Ke1 Nf3+ 31. Kd1 Ra2 32. Rxa6 Ne5 33. Ra8 Nc4 34. Bh6 e5 35. a6 Ke6 36. Bg5 Na5 37. a7 Nc6 38. Be3 Kd7 39. Rb8 Nxa7 40. Rb7+ Ke6 41. Rxa7 Rxa7 42. Bxa7 d5 43. exd5+ Kxd5 44. Ke2 Ke4 1/2-1/2

[Event "BEL-ch U16"]
[Site "Blankenberge"]
[Date "2015.04.13"]
[Round "3"]
[White "Paquay, Noah"]
[Black "De Coninck, Erik"]
[Result "1/2-1/2"]
[WhiteElo "1578"]
[BlackElo "1780"]
[PlyCount "78"]
[EventDate "2015.04.12"]
[EventType "swiss"]
[EventRounds "9"]
[EventCountry "BEL"]
[SourceTitle "CBM 166 Extra"]
[Source "ChessBase"]
[SourceDate "2015.06.18"]
[SourceVersion "1"]
[SourceVersionDate "2015.06.18"]
[SourceQuality "1"]

1. e4 e6 2. d4 d5 3. e5 c5 4. c3 Nc6 5. Nf3 Bd7 6. Be2 f6 7. Be3 fxe5 8. dxe5 Qc7 9. Bf4 Nge7 10. Bd3 g6 11. 0-0 Bg7 12. Re1 0-0-0 13. Nbd2 Rdf8 14. Bg3 g5 15. Nxg5 Nf5 16. f4 Nxg3 17. hxg3 h5 18. Ngf3 Rfg8 19. Qe2 Bf8 20. Qf2 Qd8 21. a3 Be7 22. b4 c4 23. Bc2 Qf8 24. a4 b6 25. Nf1 Qg7 26. Nh4 Kb8 27. Kh2 Bxh4 28. gxh4 Rf8 29. Qe3 Rhg8 30. g3 Ne7 31. Reb1 Ng6 32. Bxg6 Qxg6 33. b5 Kb7 34. Rb2 Ra8 35. Rab1 Kc7 36. Qf2 Qd3 37. Rc1 Kb7 38. Rd2 Qg6 39. Rb2 Qd3 1/2-1/2

[Event "BEL-ch U16"]
[Site "Blankenberge"]
[Date "2014.04.17"]
[Round "7"]
[White "Callebaut, Giovanni"]
[Black "Paquay, Noah"]
[Result "0-1"]
[WhiteElo "1303"]
[BlackElo "1581"]
[PlyCount "50"]
[EventDate "2014.04.??"]
[EventType "swiss"]
[EventRounds "9"]
[EventCountry "BEL"]
[SourceTitle "EXT 2015"]
[Source "ChessBase"]
[SourceDate "2014.11.20"]
[SourceVersion "1"]
[SourceVersionDate "2014.11.20"]
[SourceQuality "1"]

1. d4 d5 2. c4 e6 3. Nc3 Nf6 4. Bg5 Nbd7 5. cxd5 exd5 6. e4 dxe4 7. Nxe4 Bb4+ 8. Nd2 0-0 9. Ngf3 h6 10. Be3 Ne4 11. Bc4 a6 12. 0-0 Ndf6 13. Nxe4 Nxe4 14. Ne5 Bd6 15. Ng6 Re8 16. Qh5 Qf6 17. Rae1 Be6 18. Bxh6 Bxc4 19. Bf4 Qxg6 20. Qxg6 fxg6 21. Bxd6 cxd6 22. f3 Bxf1 23. Kxf1 Nd2+ 24. Kf2 Rxe1 25. Kxe1 Nc4 0-1